| 000 | 00000nam 2200000zi 4500 |
| 001 | 9.953076 |
| 003 | CaOODSP |
| 005 | 20250821152412 |
| 006 | m o d f |
| 007 | cr |n||||||||| |
| 008 | 250710e199604##abc ob f|0| 0 eng d |
| 040 | |aCaOODSP|beng|erda|cCaOODSP |
| 041 | |aeng|beng|bfre |
| 043 | |an-cn--- |
| 086 | 1 |aDR52-2/19-1996E-PDF |
| 100 | 1 |aHamilton, Murray, |d1953- |eauthor. |
| 245 | 10|aToxins : |bthe emerging threat / |cby Murray G. Hamilton. |
| 264 | 1|aRalston, Alberta : |bDefence Research Establishment Suffield, |cApril 1996. |
| 300 | |a1 online resource (vi, 16, [2] pages). |
| 336 | |atext|btxt|2rdacontent |
| 337 | |acomputer|bc|2rdamedia |
| 338 | |aonline resource|bcr|2rdacarrier |
| 490 | 1 |aSuffield special publication ; |vNo. 184 |
| 500 | |aDigitized edition from print [produced by Defence Research and Development Canada]. |
| 500 | |a"Unclassified." |
| 504 | |aIncludes bibliographical references (page 16). |
| 520 | 3 |a"Toxins, which are non-replicating chemical agents of biological origin, are relatively anonymous chemical warfare agents even though some are among the most exquisitely lethal subtances known. This report categorizes toxins, also know as mid spectrum agents, especially with respect to similarities and differences to classical chemical and biological agents. Areas of potential legitimate and non-legitimate use are discussed and examples of some recently identified toxins are provided. Defensive research initiatives and the impact of emerging technologies in biology, chemistry and computer science are explored. Finally, recommendations for the efficient use of limited Canada defence research and development resources are presented" -- Abstract, page iii. |
| 546 | |aIncludes abstract in French. |
| 650 | 0|aChemical weapons|xResearch. |
| 650 | 0|aToxins. |
| 650 | 6|aArmes chimiques|xRecherche. |
| 650 | 6|aToxines. |
| 710 | 2 |aDefence Research Establishment Suffield, |eissuing body. |
| 830 | #0|aSuffield special publication ;|vNo. 184.|w(CaOODSP)9.926017 |
| 856 | 40|qPDF|s1.23 MB|uhttps://publications.gc.ca/collections/collection_2025/rddc-drdc/DR52-2-19-1996-eng.pdf |
| 986 | |aDRES-SSP 184 |